| 000 | 00000nam##2200000za#4500 |
| 001 | 9.650615 |
| 003 | CaOODSP |
| 005 | 20210615114445 |
| 007 | ta |
| 008 | 150407|2007||||xxc||||| f|0| 0 eng|d |
| 020 | |a978-0-662-45442-7 |
| 040 | |aCaOODSP|beng |
| 043 | |an-cn--- |
| 086 | 1 |aM144-52/2007E |
| 110 | 1 |aCanada.|bNatural Resources Canada. |bOffice of Energy Efficiency. |
| 245 | 10|aImproving window energy efficiency : |bwhy should I worry about my windows? |
| 260 | |aOttawa - Ontario : |bNatural Resources Canada. |c2007. |
| 300 | |a11p. : |billus. ; |c28 cm. |
| 500 | |aAt head of title: Ecoenergy - Retrofit - Homes. |
| 520 | 3 |aWindows can account for up to 25 percent of total house heat loss. This fact sheet describes affordable and effective options to improve the energy efficiency of the windows in your house. |
| 563 | |aSoftcover |
| 590 | |a07-26|b2007-06-29 |
| 590 | |a07-28|b2007-07-13 |
| 690 | 07|aEnergy efficiency|2gcpds |
| 690 | 07|aHome renovations|2gcpds |
| 775 | 08|tAmélioration du rendement énergétique des fenêtres : |w(CaOODSP)9.683711 |
| 776 | 0#|tImproving window energy efficiency |w(CaOODSP)9.689479 |